Extremistische Kriminalität : Kriminologie und Prävention

Seit mehreren Jahren richtet sich die öffentliche Aufmerksamkeit verstärkt auf Formen der Kriminalität, die durch Ideologien oder Vorurteile bestimmt sind. Dies gilt z. B. für „Hasskriminalität" gegen (vermeintliche) Angehörige von Minderheiten, für „politisch motivierte Kriminalität" gege...

Descripción completa

Guardado en:  
Detalles Bibliográficos
Otros Autores: Egg, Rudolf 1948- (Editor)
Tipo de documento: Electrónico Libro
Lenguaje:Alemán
Publicado: Wiesbaden Kriminologische Zentralstelle e.V. 2022
En:Año: 2022
Acceso en línea: Volltext (kostenfrei)
Volltext (kostenfrei)
Volltext (kostenfrei)
Verificar disponibilidad: HBZ Gateway
Palabras clave:
Parallel Edition:No electrónico

MARC

LEADER 00000cam a22000002c 4500
001 1835008062
003 DE-627
005 20260305013027.0
007 cr uuu---uuuuu
008 230213s2022 gw |||||o 00| ||ger c
015 |a 22,O12  |2 dnb 
016 7 |a 1272359824  |2 DE-101 
020 |a 3926371749 
024 7 |a urn:nbn:de:hebis:2378-opus-3790  |2 urn 
035 |a (DE-627)1835008062 
035 |a (DE-599)DNB1272359824 
040 |a DE-627  |b ger  |c DE-627  |e rakwb 
041 |a ger 
044 |c XA-DE-HE 
082 0 |a 364.1310943  |q SEPA 
082 0 4 |a 360  |q DE-101 
084 |a 2,1  |2 ssgn 
084 |a PH 8760  |q SEPA  |2 rvk  |0 (DE-625)rvk/136518: 
084 |a 86.41  |2 bkl 
245 0 0 |a Extremistische Kriminalität : Kriminologie und Prävention  |c Herausgeber: Rudolf Egg 
264 1 |a Wiesbaden  |b Kriminologische Zentralstelle e.V.  |c 2022 
300 |a 1 Online-Ressource 
336 |a Text  |b txt  |2 rdacontent 
337 |a Computermedien  |b c  |2 rdamedia 
338 |a Online-Ressource  |b cr  |2 rdacarrier 
490 0 |a Kriminologie und Praxis (KuP)  |v 51 
500 |a Erscheinungsjahr der gedruckten Ausgabe des Digitalisats: 2006 
520 |a Seit mehreren Jahren richtet sich die öffentliche Aufmerksamkeit verstärkt auf Formen der Kriminalität, die durch Ideologien oder Vorurteile bestimmt sind. Dies gilt z. B. für „Hasskriminalität" gegen (vermeintliche) Angehörige von Minderheiten, für „politisch motivierte Kriminalität" gegen Repräsentanten oder Symbole eines Staates, der von den Tätern gewaltsam bekämpft wird, aber auch - spätestens seit dem 11. September 2001 - für Straftaten militanter Islamisten. Die Motive für solche Straftaten werden häufig unter dem Begriff des „Extremismus" zusammengefasst, der damit in einem weiteren Sinne als dem polizeilichen Verständnis verwendet wird. In Kooperation mit der Stiftung Deutsches Forum für Kriminalprävention (DFK) veranstaltete die Kriminologische Zentralstelle (KrimZ) am 24. und 25. November 2005 in Wiesbaden eine interdisziplinäre Fachtagung zu dem Thema „Extremistische Kriminalität - Kriminologie und Prävention". Der vorliegende Band dokumentiert die Ergebnisse dieser Veranstaltung. Die Schriftfassungen der Referate werden dabei ergänzt durch eine „Bibliographie zur extremistischen Kriminalität", die das Ergebnis einer Gemeinschaftsarbeit der Bibliotheken des Bundeskriminalamtes und der KrimZ ist. Ziel der Tagung war es, den aktuellen Erkenntnisstand zu Kernpunkten der Thematik aus unterschiedlicher Perspektive zu betrachten und zu diskutieren sowie Perspektiven für die Zukunft, namentlich Möglichkeiten der Prävention, aufzuzeigen. 
583 1 |a Archivierung/Langzeitarchivierung gewährleistet  |2 pdager  |5 DE-101 
650 4 |a Politische Kriminalität 
650 4 |a Politischer Extremismus 
700 1 |8 1\p  |a Egg, Rudolf  |d 1948-  |e HerausgeberIn  |0 (DE-588)121657248  |0 (DE-627)081448600  |0 (DE-576)160831415  |4 edt 
776 0 8 |i Elektronische Reproduktion von  |a Extremistische Kriminalität - Kriminologie und Prävention (Veranstaltung : 2005 : Wiesbaden)  |t Extremistische Kriminalität: Kriminologie und Prävention  |d Wiesbaden : Kriminologische Zentralstelle e.V., 2006  |h 268 Seiten  |w (DE-627)1600994385  |w (DE-576)256340021  |z 3926371749  |z 9783926371744  |k Non-Electronic 
856 4 0 |u https://nbn-resolving.org/urn:nbn:de:hebis:2378-opus-3790  |x Resolving-System  |z kostenfrei  |7 0 
856 4 0 |u https://d-nb.info/1272359824/34  |x Langzeitarchivierung Nationalbibliothek  |z kostenfrei  |7 0 
856 4 0 |u https://krimpub.krimz.de/frontdoor/index/index/docId/379  |x Verlag  |z kostenfrei  |7 0 
883 |8 1\p  |a cgwrk  |d 20241001  |q DE-101  |u https://d-nb.info/provenance/plan#cgwrk 
936 r v |a PH 8760  |b Raub; Erpressung; Geiselnahme; Luftpiraterie; Politisch motivierte Gewaltverbrechen; Terrorismus; Gewalt gegen Ausländer  |k Rechtswissenschaft  |k Strafrecht, Strafverfahrensrecht, Kriminologie  |k Kriminologie  |k Einzelne Deliktsgruppen  |k Gewaltkriminalität, Gewaltdelikt  |k Raub; Erpressung; Geiselnahme; Luftpiraterie; Politisch motivierte Gewaltverbrechen; Terrorismus; Gewalt gegen Ausländer  |0 (DE-627)1271914344  |0 (DE-625)rvk/136518:  |0 (DE-576)201914344 
936 b k |a 86.41  |j Kriminologie  |q SEPA  |0 (DE-627)181572001 
936 s n |a p100  |2 mzub 
936 s n |a m200  |2 mzub 
951 |a BO 
ELC |a 1 
OAS |a 1 
ORI |a WA-MARC-krimdok_oa001.raw